000 02003nam0a22003011 4500
001 rc\2569977
005 20260601062727.0
035 _a(NLR Aleph) 006734744
090 _a5581561
_c5581561
100 _a20110914d1928 |||y0rusy50 ca
101 0 _arus
102 _aRU
105 _ay z |||h|
200 1 _aАкадемия наук Союза советских социалистических республик в 1927 году
_eречь и. о. непременного секретаря академика А. Е. Ферсмана
_eчитана в торжественном годовом собрании 2 февраля 1928 года
210 _aЛенинград
_cизд-во Акад. наук СССР
_d1928
215 _a[4], XXI с.
_d24х16 см.
300 _aОписано по обл.
300 _aОтт. из Отчета о деятельности Акад. наук СССР за 1927 год
300 _aТит. лист: "Отчет о деятельности Академии наук Союза советских социалистических республик за 1927 год"...
412 0 _1001rc\2638074
_97668454
_aАкадемия наук СССР
_cЛенинград
_d1928
_fсоставленный и. о. непременного секретаря академиком А.Е. Ферсманом с приложением отчетов отдельных академических учреждений
_nИзд-во Акад. наук СССР
_tОтчет о деятельности Академии наук Союза советских социалистических республик за 1927 год
702 1 _4570
_8rus
_7ca
_aФерсман
_bА. Е.
_gАлександр Евгеньевич
_f1883-1945
_3RU\NLR\AUTH\7745476
_928414
710 0 2 _aАН СССР
_3RU\NLR\AUTH\881046
_9272478
801 0 _aRU
_bNLR
_gpsbo
801 1 _aRU
_bELAR
_2rusmarc
852 _aNLR
_j40/2153
942 _cBOOK
980 _aNB